Ginecología psicosomática / (Record no. 104146)

MARC details
000 -LEADER
campo de control de longitud fija 00626nam a2200181 i 4500
001 - NÚMERO DE CONTROL
campo de control 104146
003 - IDENTIFICADOR DE NÚMERO DE CONTROL
campo de control ES-MaACL
005 - FECHA Y HORA DE LA ÚLTIMA TRANSACCIÓN
campo de control 20230906183526.0
007 - CAMPO FIJO DE DESCRIPCIÓN FÍSICA--INFORMACIÓN GENERAL
campo de control de longitud fija t|
008 - DATOS DE LONGITUD FIJA--INFORMACIÓN GENERAL
campo de control de longitud fija 051124s1965 sp ||||1| spa d
100 1# - ENTRADA PRINCIPAL--NOMBRE DE PERSONA
Nombre de persona Michel-Wolfromm, Hélène.
9 (RLIN) 80910
245 10 - MENCIÓN DEL TÍTULO
Título Ginecología psicosomática /
Mención de responsabilidad, etc. bajo la dirección de Hélène Michel-Wolfromm; prefacio de Raul Palmer...; versión... F. Freixa Santfeliu.
260 ## - PUBLICACIÓN, DISTRIBUCIÓN, ETC.
Lugar de publicación, distribución, etc. Barcelona :
Nombre del editor, distribuidor, etc. Toray-Masson,
Fecha de publicación, distribución, etc. 1965.
300 ## - DESCRIPCIÓN FÍSICA
Extensión XVI, 242 p. ;
Dimensiones 24 cm.
700 1# - ENTRADA AGREGADA--NOMBRE PERSONAL
Nombre de persona Palmer, Raoul.
9 (RLIN) 88643
700 1# - ENTRADA AGREGADA--NOMBRE PERSONAL
Nombre de persona Freixa i Sanfeliu, Francesc.
9 (RLIN) 52475
852 ## - LOCALIZACIÓN
Ubicación ES-MaACL
Número de control de estantería C-28445
Sublocalización o colección R.57736
Holdings
Estatus retirado Estado de pérdida Estado de daño No para préstamo Biblioteca de origen Biblioteca actual Ubicación en estantería Fecha de adquisición Fuente de adquisición Total de préstamos Signatura topográfica completa Código de barras Visto por última vez Precio de reemplazo Tipo de ítem Koha
        Biblioteca del Ateneo de Madrid Biblioteca del Ateneo de Madrid Depósito 2 17/01/2008     C-28445 1108737 23/02/2023 23/02/2023 Libro impreso